Magic the Gathering sets - Statistics

General Stats
  • This quiz has been taken 357 times
  • The average score is 33 of 76
Answer Stats
Answer % Correct
Alpha, Beta, and Unlimited
81%
Fifth Edition
67%
Return to Ravnica
67%
Eighth Edition
66%
Seventh Edition
66%
Classic Sixth Edition
65%
Mirrodin
64%
Ninth Edition
64%
Fourth Edition
63%
Innistrad
63%
Arabian Nights
62%
Tenth Edition
61%
Zendikar
60%
Theros
59%
Ice Age
58%
Magic 2011
54%
Magic 2013
54%
Magic 2014
54%
Magic 2012
53%
Avacyn Restored
50%
Magic 2010
50%
Lorwyn
49%
New Phyrexia
49%
Dragon's Maze
48%
Gatecrash
48%
Rise of the Eldrazi
48%
Shards of Alara
48%
Urza's Saga
48%
Revised
47%
Ravnica: City of Guilds
46%
Time Spiral
46%
Darksteel
45%
Guildpact
45%
Scars of Mirrodin
45%
Legends
44%
Worldwake
44%
Champions of Kamigawa
43%
Mirrodin Besieged
43%
Urza's Legacy
43%
Coldsnap
42%
Shadowmoor
42%
Dark Ascension
41%
Eventide
41%
Conflux
40%
Morningtide
40%
Tempest
40%
Betrayers of Kamigawa
39%
Saviors of Kamigawa
39%
Dissension
38%
Fifth Dawn
38%
Mirage
37%
Alara Reborn
36%
Homelands
36%
Onslaught
36%
The Dark
36%
Future Sight
35%
Planar Chaos
35%
Weatherlight
35%
Antiquities
33%
Urza's Destiny
33%
Invasion
32%
Alliances
31%
Mercadian Masques
31%
Apocalypse
30%
Scourge
30%
Odyssey
29%
Exodus
28%
Fallen Empires
28%
Legions
28%
Stronghold
28%
Planeshift
27%
Visions
26%
Prophecy
25%
Torment
23%
Judgment
20%
Nemesis
19%
No matching quizzes found
Score Distribution
Percent of People with Each Score
Percentile by Number Answered
Your Score History
You have not taken this quiz